Sports Quiz

Random Sports or World Quiz

Rugby Canada Women's 7s Team Quiz Stats

 Plays Quiz not verified by Sporcle

Score 0/18 Timer 03:00
0 Plays Today
% Correct
Jen Kish
75%
Magali Harvey
75%
Ghislaine Landry
75%
Charity Williams
75%
Karen Paquin
62.5%
Bianca Farella
62.5%
Brittany Benn
62.5%
Kelly Russell
62.5%
Ashley Steacy
50%
% Correct
Nadia Popov
37.5%
Julia Greenshields
37.5%
Mandy Marchak
37.5%
Kayla Moleschi
25%
Natasha Watcham-Roy
25%
Sara Kaljuvee
12.5%
Hannah Darling
12.5%
Elissa Alarie
12.5%
Arielle Dubissette-Borrice
12.5%

You're not logged in!

Compare scores with friends on all Sporcle quizzes.
OR
Log In

Show Comments

Extras

Top Quizzes Today


Score Distribution

Your Account Isn't Verified!

In order to create a playlist on Sporcle, you need to verify the email address you used during registration. Go to your Sporcle Settings to finish the process.

Report this User

Report this user for behavior that violates our Community Guidelines.

Details: